La revolución liberal : (Record n. 29864)
[ formato base ]
| 000 -LEADER | |
|---|---|
| fixed length control field | 00849nam a2200253 i 4500 |
| 003 - CONTROL NUMBER IDENTIFIER | |
| control field | IT-RoINE |
| 005 - DATE AND TIME OF LATEST TRANSACTION | |
| control field | 20190403090433.0 |
| 008 - FIXED-LENGTH DATA ELEMENTS--GENERAL INFORMATION | |
| fixed length control field | 970324s2001 sp |||||r |||0|||esp d |
| 020 ## - INTERNATIONAL STANDARD BOOK NUMBER | |
| International Standard Book Number | 8471960346 |
| 040 ## - CATALOGING SOURCE | |
| Language of cataloging | IT-RoINE |
| Transcribing agency | IT-RoINE |
| 041 #7 - LANGUAGE CODE | |
| Language code of text/sound track or separate title | spa |
| Source of code | ISO-639-2 |
| 100 1# - MAIN ENTRY--PERSONAL NAME | |
| Personal name | Fontana, Josep, |
| Dates associated with a name | 1931-2018 |
| 9 (RLIN) | 6963 |
| 245 13 - TITLE STATEMENT | |
| Title | La revolución liberal : |
| Remainder of title | politica y hacienda en 1833-1845 / |
| Statement of responsibility, etc | Josep Fontana Lázaro. |
| 250 ## - EDITION STATEMENT | |
| Materials specified | 2ª ed. |
| 260 ## - PUBLICATION, DISTRIBUTION, ETC. (IMPRINT) | |
| Place of publication, distribution, etc | Madrid : |
| Name of publisher, distributor, etc | Ministerio de hacienda, Instituto de estudio fiscales, |
| Date of publication, distribution, etc | 2001. |
| 300 ## - PHYSICAL DESCRIPTION | |
| Extent | 214 p. ; |
| Dimensions | 25 cm. |
| 336 ## - CONTENT TYPE | |
| Source | rdacontent |
| Content type term | text |
| 337 ## - MEDIA TYPE | |
| Source | rdamedia |
| Media type term | unmediated |
| 338 ## - CARRIER TYPE | |
| Source | rdacarrier |
| Carrier type term | volume |
| 504 ## - BIBLIOGRAPHY, ETC. NOTE | |
| Bibliography, etc | Bibliografía: p. [193]-214. |
| 650 #4 - SUBJECT ADDED ENTRY--TOPICAL TERM | |
| Topical term or geographic name as entry element | Historia económica |
| Geographic subdivision | España |
| Chronological subdivision | 1833-1845 |
| 9 (RLIN) | 58471 |
| 651 #4 - SUBJECT ADDED ENTRY--GEOGRAPHIC NAME | |
| 9 (RLIN) | 16677 |
| Geographic name | España |
| General subdivision | Historia |
| Chronological subdivision | 1833-1840 (Guerra carlista) |
| 942 ## - ADDED ENTRY ELEMENTS (KOHA) | |
| Item type | Monografías |
| Withdrawn status | Lost status | Damaged status | Not for loan | Home library | Current library | Date acquired | Total Checkouts | Full call number | Barcode | Date last seen | Price effective from | Koha item type |
|---|---|---|---|---|---|---|---|---|---|---|---|---|
| Iglesia Nacional Española en Roma | Iglesia Nacional Española en Roma | 03/04/2019 | HIS.ESP.4. 1583 | 55776 | 03/04/2019 | 03/04/2019 | Monografías |